000 00295nam a2200097Ia 4500
005 20250424112836.0
008 250424s9999 xx 000 0 und d
300 _avii, 181 p. ; 23 cm.
650 _aHuman rights--Periodicals. Civil rights--Periodicals. Political rights--Periodicals.
942 _cSR
999 _c37451
_d37451